| 000 | 00671nam a22001937a 4500 | ||
|---|---|---|---|
| 005 | 20251108164012.0 | ||
| 008 | 250721s1979 xx 000 0 ara d | ||
| 082 | 1 | 4 | _a320.158/سيف |
| 100 | 1 | _aسيف الدولة، عصمت | |
| 245 | 1 | 0 | _aنظرية الثورة العربية / |
| 264 | 1 |
_aبيروت : _bدار المسيرة، _c1979. |
|
| 300 | _a7ج | ||
| 500 | _a1. ج1+2 - الأسس 2. ج3- المنطلقات 3. ج4- الغابات 4. ج5- الأسلوب 5. ج6- الطريق 6. ج7- الطريق | ||
| 650 | 1 | 7 | _aالقومية |
| 650 | 1 | 7 | _aالقومية العربية |
| 650 | 1 | 7 | _aالوحدة العربية |
| 942 |
_2ddc _cBK |
||
| 999 |
_c1139 _d1139 |
||